Language Quiz

Random Language or German Quiz
Score 0/25 Timer 05:00
1 Play Today
Rank Word % Correct
1sein
91.8%
2haben
80.9%
12gehen
76.1%
7machen
58.3%
11wollen
55.3%
14sehen
53.3%
4können
51.8%
3werden
48.5%
5müssen
45.3%
10sollen
43.2%
6sagen
42.2%
9kommen
38.1%
23tun
34.7%
Rank Word % Correct
8geben
34.5%
24dürfen
34.2%
13wissen
30.9%
21denken
30.8%
22nehmen
28.2%
16stehen
27.7%
18bleiben
21.9%
25glauben
20.9%
20heißen
20.4%
19liegen
18.2%
17finden
17.6%
15lassen
17.5%

You're not logged in!

Compare scores with friends on all Sporcle quizzes.
OR
Log In

Sporcle TV

Today on Sporcle TV


Watch our educational content, quiz creation guides, and fun videos on Sporcle TV.

Show Comments

Extras

Top Quizzes Today


Score Distribution

Paid Content

Your Account Isn't Verified!

In order to create a playlist on Sporcle, you need to verify the email address you used during registration. Go to your Sporcle Settings to finish the process.

Report this User

Report this user for behavior that violates our Community Guidelines.

Details: